000 00619nam a2200169Ia 4500
008 090201s9999 xx 000 0 und d
010 _aKPL-42859
040 _bमराठी
041 _aमराठी
082 _a7130
_b42859
100 _aध रा गाला
245 _aनेत्ररक्षा आणि दृष्टीदोष निवारण
_cध रा गाला
260 _c2004
_bगाला पब्लिशर्स
300 _a126
_bमोठा
600 _aनेत्ररक्षा आणि दृष्टीदोष निवारण
942 _cBOOK
999 _c207900
_d207900